Fúzie a akvizície - spôsob nielen na zlepšenie image spoločnosti
Princíp a cieľ fúzií a akvizícií. Výhody fúzie pre problémové či bankrotujúce spoločnosti. Akvizície.
Gespeichert in:
| 1. Verfasser: | |
|---|---|
| Weitere Verfasser: | |
| Format: | Buchkapitel |
| Sprache: | Slowakisch |
| Schlagworte: | |
| Tags: |
Keine Tags, Fügen Sie das erste Tag hinzu!
|
MARC
| LEADER | 00000naa a2200000 4500 | ||
|---|---|---|---|
| 001 | r035310 | ||
| 005 | 20230824101236.6 | ||
| 041 | 0 | |a slo | |
| 044 | |a SK | ||
| 245 | 1 | 0 | |a Fúzie a akvizície - spôsob nielen na zlepšenie image spoločnosti |c Ján Kšinský, Monika Ščevovichova |
| 520 | |a Princíp a cieľ fúzií a akvizícií. Výhody fúzie pre problémové či bankrotujúce spoločnosti. Akvizície. | ||
| 610 | 2 | 0 | |a fúzie |
| 610 | 2 | 0 | |a akvizícia |
| 610 | 2 | 0 | |a spoločnosti |
| 610 | 2 | 0 | |a reštrukturalizácia |
| 610 | 2 | 0 | |a reorganizácia |
| 610 | 2 | 0 | |a oddlženie |
| 610 | 2 | 0 | |a globalizácia |
| 100 | 1 | |a Kšinský, Ján | |
| 700 | 1 | |a Ščevovichova, Monika | |